Financial management for the multinational firm
保存先:
| 第一著者: | |
|---|---|
| フォーマット: | 図書 |
| 言語: | Undetermined |
| 出版事項: |
Englewood Cliffs, N.J.
Prentice-Hall,
1987
|
| 主題: | |
| タグ: |
タグ追加
タグなし, このレコードへの初めてのタグを付けませんか!
|
| Thư viện lưu trữ: | Trung tâm Học liệu Trường Đại học Cần Thơ |
|---|
| LEADER | 00597nam a2200193Ia 4500 | ||
|---|---|---|---|
| 001 | CTU_97893 | ||
| 008 | 210402s9999 xx 000 0 und d | ||
| 082 | |a 658.1599 | ||
| 082 | |b A136 | ||
| 100 | |a Abdullah, Fuad A. | ||
| 245 | 0 | |a Financial management for the multinational firm | |
| 245 | 0 | |c Fuad A. Abdullah | |
| 260 | |a Englewood Cliffs, N.J. | ||
| 260 | |b Prentice-Hall, | ||
| 260 | |c 1987 | ||
| 650 | |a International business enterprises,International business enterprises | ||
| 650 | |x Finance,Case studies | ||
| 904 | |i Năm | ||
| 980 | |a Trung tâm Học liệu Trường Đại học Cần Thơ | ||